LEADER 01289nam a2200289 4500 001 000000341897 003 CaOOAMICUS 005 20201015110157.0 008 200907s2017 ci a 000 u eng r 020 $a978-953-55479-5-2 040 $aSeMil$bita 100 1 $aDamjanovi?, Dragan.$0(OLS)http://semarc/name/112051 245 14$aThe art treasures of Strossmayer's cathedral in ?akovo /$cDragan Damjanovi? ; concept ?or? Drau?nik ; photography Miro Martini?. 264 1$a?akovo :$bCity of ?akovo,$c2017. 300 $a415 p. :$bill. ;$c32 cm 541 0 $aFondo mons. Mario Delpini 650 4$aCroazia - Arte sacra.$0(OLS)http://semarc/subject/22868 650 4$aCroazia - Arte.$0(OLS)http://semarc/subject/25741 700 1 $aDraus?nik, ?or?.$0(OLS)http://semarc/name/112052 700 1 $aMartini?, Miro.$0(OLS)http://semarc/name/112053 850 $aSeMil 852 $aSeMil$W1$xVenegono$y1$m5F XVI 76$j221922$B232942$CSeMilBibl$Z2$F232942 $81 941 1 $a7 996 $6020$a978-953-55479-5-2$9(OLS)http://semarc/number/291157 996 $6245$aThe art treasures of Strossmayer's cathedral in ?akovo$9(OLS)http://semarc/title/430791 996 $6264$a?akovo :$bCity of ?akovo$9(OLS)http://semarc/publisher/59280 LEADER 00954nam a2200229 i 4500 001 000000037860 003 CaOOAMICUS 005 20040903000000.0 008 040903s1968 it u000 u ita u 013 $a8239 040 $aSeMil$bita 245 12$aL'arte moderna :$bdal Neoclassico agli ultimi decenni. 300 $a96 p., 104 figure e disegni, 214 fotoincisioni ;$c28 cm. 490 0 $aConosci l'Italia ;$vVolume12. 650 4$aArte - Italia - Sec. 18.$0(OLS)http://semarc/subject/7619 650 4$aArte - Italia - Sec. 19.$0(OLS)http://semarc/subject/7620 650 4$aArte - Italia - Sec. 20.$0(OLS)http://semarc/subject/6405 830 0$aConosci l'Italia ;$vVolume12.$0(OLS)http://semarc/title/222 850 $aSeMil 852 $aSeMil$W1$xVenegono$y1$m4Y VI 26$j4015$B4015$CSeMilBibl$Z2$F4015 $81 961 $aOmaggio: Deponti Angela 996 $6245$aL'arte moderna :$bdal Neoclassico agli ultimi decenni$9(OLS)http://semarc/title/53197